000 00935cam a22002657a 4500
005 20220329141221.0
008 971010s1986 r 00010 d
010 _a64554
011 _a65526
035 _a72415
090 _aTesis
100 0 0 _aMadrid Alvarez, Guillermo.
_969696
245 1 3 _aLa problemática de las heladas tardías y su control en la producción de manzana en el noroeste del estado de Chihuahua
260 _aChihuahua, Chih. :
_bEl autor,
_c1986
300 _a58 h.
500 _aD97-181
502 _aTesis (Ing. Agr. Esp. en Zonas Aridas) -- UACH. Departamento de Zonas Aridas
590 _aALEPH
_b10
_c20130110
_lUCH01
_h1353
590 _aBATCH-UPD
_b10
_c20130110
_lUCH01
_h0406
590 _aCONVERSION
_b10
_c20130109
_lUCH01
_h1335
650 1 4 _aHeladas
_xEfecto en manzana.
_953399
650 1 4 _aManzana
_xEfecto del medio ambiente.
_970760
901 _aBK
949 _bZA
_cTES
_d-5120
_eTS1
_i72415
_si
999 _c64554
_d64554